[Event "SRB-chT 1st League"]
[Site "Kragujevac"]
[Date "2016.09.12"]
[Round "4.4"]
[White "Arandjelovic, Aleksandar Z"]
[Black "Nikolic, Dragovan"]
[Result "1-0"]
[WhiteElo "2049"]
[BlackElo "2227"]
[PlyCount "67"]
[EventDate "2016.09.10"]
[EventType "team-tourn"]
[EventRounds "11"]
[EventCountry "SRB"]
[SourceTitle "CBM 174 Extra"]
[Source "ChessBase"]
[SourceDate "2016.10.10"]
[SourceVersion "1"]
[SourceVersionDate "2016.10.10"]
[SourceQuality "1"]
[WhiteTeam "Pirot Progres"]
[BlackTeam "Ub"]
[WhiteTeamCountry "SRB"]
[BlackTeamCountry "SRB"]

1. d4 Nf6 2. c4 e6 3. Nc3 Bb4 4. Bg5 h6 5. Bh4 d5 6. e3 Nc6 7. Nf3 g5 8. Bg3 Ne4 9. Qc2 h5 10. h4 Nxg3 11. fxg3 g4 12. Nd2 Bd6 13. Ne2 dxc4 14. Nxc4 Bb4+ 15. Nc3 e5 16. 0-0-0 Bxc3 17. Qxc3 exd4 18. exd4 0-0 19. d5 Ne7 20. Bd3 Nxd5 21. Qe5 f5 22. Be4 c6 23. Bxd5+ cxd5 24. Rxd5 Qf6 25. Re1 b5 26. Qxf6 Rxf6 27. Rd8+ Rf8 28. Ree8 Rxe8 29. Rxe8+ Kg7 30. Nd6 Bb7 31. Re7+ Kf6 32. Rxb7 Ke5 33. Nf7+ Ke4 34. Rxb5 1-0

[Event "SRB-chT 1st League"]
[Site "Kragujevac"]
[Date "2016.09.10"]
[Round "1.5"]
[White "Nikolic, Dragovan"]
[Black "Milenkovic, Mladen"]
[Result "0-1"]
[WhiteElo "2227"]
[BlackElo "2344"]
[PlyCount "80"]
[EventDate "2016.09.10"]
[EventType "team-tourn"]
[EventRounds "11"]
[EventCountry "SRB"]
[SourceTitle "CBM 174 Extra"]
[Source "ChessBase"]
[SourceDate "2016.10.10"]
[SourceVersion "1"]
[SourceVersionDate "2016.10.10"]
[SourceQuality "1"]
[WhiteTeam "Ub"]
[BlackTeam "Petrovac Sloga"]
[WhiteTeamCountry "SRB"]
[BlackTeamCountry "SRB"]

1. e4 c5 2. Nf3 d6 3. b3 Nf6 4. Bb5+ Bd7 5. Bxd7+ Nbxd7 6. Qe2 g6 7. Bb2 Bg7 8. 0-0 0-0 9. a4 e5 10. Na3 Qe7 11. Rfe1 Rfe8 12. c4 Nb8 13. Nc2 Nc6 14. Ne3 Nd4 15. Qd1 Qd8 16. d3 Qb6 17. Bxd4 cxd4 18. a5 Qc7 19. Nc2 Qd7 20. Qd2 Nh5 21. Qe2 Nf4 22. Qf1 Qg4 23. Nb4 f5 24. Ra2 Rf8 25. Nd2 Bh6 26. f3 Qh5 27. g3 Nh3+ 28. Kg2 Bxd2 29. Rxd2 fxe4 30. dxe4 Rf7 31. Qe2 Ng5 32. Rd3 Raf8 33. Rf1 Qh3+ 34. Kg1 Qh5 35. Kg2 Qh3+ 36. Kg1 Ne6 37. Rd2 Nc5 38. Rb2 g5 39. Nd3 g4 40. Nf2 gxf3 0-1

[Event "SRB-chT2 West"]
[Site "Sabac"]
[Date "2014.09.27"]
[Round "4.4"]
[White "Radovanovic, Mihajlo"]
[Black "Nikolic, Dragovan"]
[Result "1/2-1/2"]
[WhiteElo "1964"]
[BlackElo "2258"]
[PlyCount "48"]
[EventDate "2014.09.25"]
[EventType "team-swiss"]
[EventRounds "6"]
[EventCountry "SRB"]
[SourceTitle "EXT 2015"]
[Source "ChessBase"]
[SourceDate "2014.11.20"]
[SourceVersion "1"]
[SourceVersionDate "2014.11.20"]
[SourceQuality "1"]

1. Nf3 Nf6 2. c4 e6 3. g3 d5 4. d4 c5 5. cxd5 exd5 6. Bg2 Nc6 7. Nc3 h6 8. 0-0 Be6 9. b3 Be7 10. Bb2 0-0 11. Rc1 b6 12. dxc5 bxc5 13. Na4 Nd7 14. Ne1 Rc8 15. Bxd5 Bxd5 16. Qxd5 Nb4 17. Qd2 Nxa2 18. Bxg7 Nxc1 19. Qxh6 f5 20. Qh8+ Kf7 21. Bxf8 Nxf8 22. Qb2 Qd1 23. Nc3 Qxb3 24. Qxc1 Bf6 1/2-1/2

[Event "SRB-chT"]
[Site "Vrnjacka Banja"]
[Date "2012.10.02"]
[Round "5.4"]
[White "Nikolic, Dragovan"]
[Black "Knezevic, Veljko"]
[Result "1-0"]
[WhiteElo "2239"]
[BlackElo "1915"]
[PlyCount "79"]
[EventDate "2012.09.29"]
[EventType "team-tourn"]
[EventRounds "11"]
[EventCountry "SRB"]
[SourceTitle "CBM 150 Extra"]
[Source "ChessBase"]
[SourceDate "2012.10.19"]
[SourceVersion "1"]
[SourceVersionDate "2012.10.19"]
[SourceQuality "1"]
[WhiteTeam "Ub"]
[BlackTeam "Uzice Sloboda"]
[WhiteTeamCountry "SRB"]
[BlackTeamCountry "SRB"]

1. Nf3 Nf6 2. d4 g6 3. g3 Bg7 4. Bg2 0-0 5. 0-0 d6 6. c4 c6 7. Nc3 Nbd7 8. Qc2 Qc7 9. b3 Re8 10. Bb2 e5 11. dxe5 dxe5 12. Rad1 a5 13. Na4 Bf8 14. c5 Nd5 15. a3 Qb8 16. e4 N5f6 17. Ng5 h6 18. Nf3 Qa7 19. Rc1 h5 20. Ng5 Bh6 21. h4 Nh7 22. f4 b5 23. cxb6 Nxb6 24. Nc5 Bg7 25. Qf2 Nd7 26. f5 Nxc5 27. Qxc5 Qxc5+ 28. Rxc5 Bb7 29. Nxh7 Kxh7 30. fxg6+ Kxg6 31. Bh3 Bf6 32. g4 hxg4 33. Bxg4 Rad8 34. h5+ Kg7 35. Bc1 Rd3 36. h6+ Kg6 37. Bf5+ Kh5 38. h7 Rxb3 39. Bd7 Rd8 40. Rxf6 1-0

[Event "SRB-chT"]
[Site "Vrnjacka Banja"]
[Date "2012.10.01"]
[Round "4.4"]
[White "Pajic, Milomir"]
[Black "Nikolic, Dragovan"]
[Result "1/2-1/2"]
[WhiteElo "2177"]
[BlackElo "2239"]
[PlyCount "90"]
[EventDate "2012.09.29"]
[EventType "team-tourn"]
[EventRounds "11"]
[EventCountry "SRB"]
[SourceTitle "CBM 150 Extra"]
[Source "ChessBase"]
[SourceDate "2012.10.19"]
[SourceVersion "1"]
[SourceVersionDate "2012.10.19"]
[SourceQuality "1"]
[WhiteTeam "Pozega"]
[BlackTeam "Ub"]
[WhiteTeamCountry "SRB"]
[BlackTeamCountry "SRB"]

1. c4 c5 2. Nc3 Nf6 3. g3 g6 4. Bg2 Bg7 5. Nf3 0-0 6. 0-0 d5 7. cxd5 Nxd5 8. Qb3 Nb6 9. d3 Nc6 10. Be3 Be6 11. Qb5 Nd4 12. Bxd4 cxd4 13. Nb1 Rc8 14. Na3 Qd6 15. Qa5 Rc5 16. Qd2 Rfc8 17. b3 Qc7 18. b4 Rh5 19. Rfc1 Qd7 20. Rxc8+ Qxc8 21. Qc2 Qd7 22. Re1 Nd5 23. Rb1 Nc3 24. Rb2 Qa4 25. Qxa4 Nxa4 26. Rc2 Nc3 27. Nc4 b5 28. Na5 Bd5 29. h4 Bxf3 30. Bxf3 Re5 31. Kf1 Re6 32. a3 Rd6 33. Nc6 Rd7 34. Nb8 Rc7 35. Na6 Rc8 36. Bb7 Rd8 37. Bf3 f5 38. Rc1 Kf7 39. Nc7 Rd7 40. Na6 e5 41. Nc5 Rd6 42. Ke1 Bf8 43. Ra1 Rd8 44. Nb3 Bd6 45. Bg2 Kf6 1/2-1/2

[Event "SRB Central-ch op-A 5th"]
[Site "Paracin"]
[Date "2012.07.06"]
[Round "1"]
[White "Nikolic, Dragovan"]
[Black "Atalik, Suat"]
[Result "0-1"]
[WhiteElo "2261"]
[BlackElo "2599"]
[PlyCount "82"]
[EventDate "2012.07.06"]
[EventType "swiss"]
[EventRounds "9"]
[EventCountry "SRB"]
[SourceTitle "CBM 149 Extra"]
[Source "ChessBase"]
[SourceDate "2012.08.24"]
[SourceVersion "1"]
[SourceVersionDate "2012.08.24"]
[SourceQuality "1"]

1. c4 e5 2. Nc3 Nf6 3. g3 d5 4. cxd5 Nxd5 5. Bg2 Nb6 6. Nf3 Nc6 7. 0-0 Be7 8. d3 0-0 9. Be3 Be6 10. Na4 f6 11. Nc5 Bxc5 12. Bxc5 Rf7 13. b4 Nd5 14. Qd2 b6 15. b5 Na5 16. Bb4 Nxb4 17. Qxb4 c5 18. bxc6 Rc8 19. Rfc1 Rfc7 20. Qa4 Bd5 21. Nd2 Nxc6 22. Bxd5+ Qxd5 23. Qb3 Qf7 24. Kf1 Nd4 25. Rxc7 Rxc7 26. Qxf7+ Kxf7 27. Nb3 Rc2 28. e3 Ne6 29. Ke1 Rb2 30. d4 exd4 31. exd4 Nc7 32. Nd2 Nd5 33. Nc4 Rb4 34. Rc1 Ke6 35. Ke2 Ra4 36. Kd3 Rxa2 37. Re1+ Kd7 38. Ke4 Nc3+ 39. Kd3 Nb5 40. d5 Rxf2 41. Rb1 Rf3+ 0-1

[Event "SRB-chT Central"]
[Site "Kraljevo"]
[Date "2011.09.25"]
[Round "11.4"]
[White "Nikolic, Dragovan"]
[Black "Kojovic, Dragan"]
[Result "0-1"]
[WhiteElo "2262"]
[BlackElo "2367"]
[PlyCount "74"]
[EventDate "2011.09.17"]
[EventType "team-tourn"]
[EventRounds "11"]
[EventCountry "SRB"]
[SourceTitle "CBM 144 Extra"]
[Source "ChessBase"]
[SourceDate "2011.10.28"]
[SourceVersion "1"]
[SourceVersionDate "2011.10.28"]
[SourceQuality "1"]
[WhiteTeam "Ub"]
[BlackTeam "Metalac"]
[WhiteTeamCountry "YUG"]
[BlackTeamCountry "YUG"]

1. c4 Nf6 2. g3 g6 3. Bg2 Bg7 4. Nc3 0-0 5. Nf3 d6 6. 0-0 e5 7. d3 Nc6 8. Rb1 a5 9. a3 h6 10. b4 axb4 11. axb4 Bg4 12. b5 Ne7 13. h3 Be6 14. e4 Nh5 15. Ne1 c6 16. Nc2 d5 17. bxc6 bxc6 18. cxd5 cxd5 19. Ba3 dxe4 20. dxe4 Qxd1 21. Rfxd1 Rfc8 22. Bxe7 Rxc3 23. Ne3 Bf8 24. Bxf8 Kxf8 25. Nd5 Rc2 26. g4 Nf4 27. Nxf4 exf4 28. Ra1 Rac8 29. Bf3 Kg7 30. e5 R8c5 31. Re1 g5 32. Kg2 R5c3 33. Ra5 Rb2 34. Re2 Rbb3 35. Be4 f3+ 36. Bxf3 Rxf3 37. Re4 Rxh3 0-1

[Event "SRB-chT Central"]
[Site "Kraljevo"]
[Date "2011.09.23"]
[Round "9.3"]
[White "Nikolic, Dragovan"]
[Black "Ratkovic, Milovan"]
[Result "1/2-1/2"]
[WhiteElo "2262"]
[BlackElo "2177"]
[PlyCount "82"]
[EventDate "2011.09.17"]
[EventType "team-tourn"]
[EventRounds "11"]
[EventCountry "SRB"]
[SourceTitle "CBM 144 Extra"]
[Source "ChessBase"]
[SourceDate "2011.10.28"]
[SourceVersion "1"]
[SourceVersionDate "2011.10.28"]
[SourceQuality "1"]
[WhiteTeam "Ub"]
[BlackTeam "Sloboda"]
[WhiteTeamCountry "YUG"]
[BlackTeamCountry "YUG"]

1. Nf3 d5 2. d4 Nf6 3. Bf4 e6 4. e3 c5 5. c3 Nc6 6. Nbd2 Bd6 7. Bxd6 Qxd6 8. Be2 0-0 9. 0-0 e5 10. dxe5 Nxe5 11. Nxe5 Qxe5 12. Nf3 Qe7 13. c4 Rd8 14. cxd5 Nxd5 15. Qc2 Bg4 16. h3 Be6 17. Qe4 Qf6 18. Qe5 Qxe5 19. Nxe5 Nb6 20. a4 a5 21. Rfc1 Rac8 22. Bc4 Bxc4 23. Nxc4 Nxc4 24. Rxc4 Kf8 25. Rac1 b6 26. Kf1 Rd2 27. R1c2 Rcd8 28. Ke1 Rd1+ 29. Ke2 Rg1 30. g3 Ra1 31. Rd2 Rxd2+ 32. Kxd2 g5 33. h4 h6 34. hxg5 hxg5 35. f3 Rf1 36. Ke2 Rb1 37. Rc2 Ra1 38. b3 Rb1 39. Rc3 Ke7 40. g4 Ke6 41. f4 Rg1 1/2-1/2

[Event "SRB-chT Cup Central"]
[Site "Vrnjacka Banja"]
[Date "2011.05.02"]
[Round "7"]
[White "Nikolic, Dragovan"]
[Black "Tosic, Branislav"]
[Result "1/2-1/2"]
[WhiteElo "2272"]
[BlackElo "2229"]
[PlyCount "88"]
[EventDate "2011.05.01"]
[EventType "team"]
[EventRounds "7"]
[EventCountry "SRB"]
[SourceTitle "EXT 2012"]
[Source "ChessBase"]
[SourceDate "2011.11.24"]
[SourceVersion "1"]
[SourceVersionDate "2011.11.24"]
[SourceQuality "1"]

1. Nf3 Nf6 2. c4 g6 3. b3 Bg7 4. Bb2 0-0 5. g3 d6 6. Bg2 e5 7. 0-0 Nc6 8. d3 Nh5 9. Nc3 f5 10. Qc2 h6 11. Nd5 g5 12. b4 Ne7 13. Nd2 c6 14. Nxe7+ Qxe7 15. a4 Rb8 16. c5 d5 17. b5 e4 18. Nb3 Bd7 19. Nd4 Be5 20. e3 Nf6 21. Rab1 h5 22. Qc3 Bc7 23. Rfd1 Kh7 24. Rbc1 Ng4 25. a5 a6 26. h3 Nf6 27. b6 Be5 28. Rc2 Rbe8 29. Qe1 Rf7 30. f4 Bxd4 31. Bxd4 g4 32. hxg4 Nxg4 33. dxe4 fxe4 34. Bf1 Bc8 35. Rg2 Kg6 36. Be2 Bf5 37. Qc3 Bc8 38. Rd2 Rg8 39. Bd1 Rh7 40. Bc2 h4 41. Be5 hxg3 42. f5+ Bxf5 43. Rxg3 Kf7 44. Bd1 Rhg7 1/2-1/2

[Event "SRB-chT Cup Central"]
[Site "Vrnjacka Banja"]
[Date "2011.05.01"]
[Round "5"]
[White "Vasic, Vladimir"]
[Black "Nikolic, Dragovan"]
[Result "1-0"]
[WhiteElo "2180"]
[BlackElo "2272"]
[PlyCount "94"]
[EventDate "2011.05.01"]
[EventType "team"]
[EventRounds "7"]
[EventCountry "SRB"]
[SourceTitle "EXT 2012"]
[Source "ChessBase"]
[SourceDate "2011.11.24"]
[SourceVersion "1"]
[SourceVersionDate "2011.11.24"]
[SourceQuality "1"]

1. e4 c5 2. Nf3 Nc6 3. d4 cxd4 4. Nxd4 g6 5. c4 Bg7 6. Be3 Nf6 7. Nc3 0-0 8. Be2 d6 9. h3 Bd7 10. Qd2 Nxd4 11. Bxd4 Bc6 12. Bf3 a5 13. 0-0 a4 14. Rfd1 Qa5 15. Rac1 Rfc8 16. Be3 Nd7 17. Bg5 f5 18. exf5 gxf5 19. Be2 Ne5 20. Bh6 Ng6 21. Bxg7 Kxg7 22. Qd4+ Qe5 23. Qxe5+ Nxe5 24. Nd5 Bxd5 25. Rxd5 Kf6 26. f4 Nf7 27. Rb5 Rc7 28. g4 fxg4 29. hxg4 e5 30. Rf1 Kg7 31. Kg2 Re8 32. f5 Ra8 33. Rh1 h6 34. Kf3 Kf6 35. Ke3 Ra7 36. Rb4 Ra5 37. Bf3 Ra7 38. Bd5 Kg7 39. Kd3 Nd8 40. f6+ Kg6 41. Rf1 Nf7 42. Rb6 Rd7 43. Rf5 h5 44. Rxh5 Kxf6 45. Rf5+ Kg6 46. Bxf7+ Rxf7 47. Rxe5 Rd7 1-0

[Event "SRB-chT 1st League"]
[Site "Valjevo"]
[Date "2010.09.26"]
[Round "11"]
[White "Nikolic, Dragovan"]
[Black "Misailovic, Nebojsa"]
[Result "1/2-1/2"]
[WhiteElo "2296"]
[BlackElo "2303"]
[PlyCount "128"]
[EventDate "2010.09.18"]
[EventType "team"]
[EventRounds "11"]
[EventCountry "SRB"]
[SourceTitle "CBM 138 Extra"]
[Source "ChessBase"]
[SourceDate "2010.10.29"]
[SourceVersion "1"]
[SourceVersionDate "2010.10.29"]
[SourceQuality "1"]

1. d4 Nf6 2. Nf3 g6 3. Bf4 Bg7 4. e3 0-0 5. Be2 d6 6. h3 c5 7. c3 Qb6 8. Qb3 Qxb3 9. axb3 cxd4 10. exd4 Nc6 11. b4 Re8 12. b5 Nb8 13. 0-0 e5 14. dxe5 Nd5 15. Bg3 dxe5 16. Rd1 Nf4 17. Bxf4 exf4 18. Bf1 Nd7 19. Nbd2 Nc5 20. Nc4 Be6 21. Ng5 Bf5 22. Nd6 Re7 23. Nxf5 gxf5 24. Bc4 a5 25. Rd5 Ne4 26. Nf3 Rc8 27. Bf1 b6 28. Rxf5 Bh6 29. Re1 Rce8 30. Rd1 Rc7 31. Re5 Rxe5 32. Nxe5 Bf8 33. Rd4 f5 34. Bd3 Re7 35. Bc4+ Kg7 36. Nc6 Re8 37. Rd7+ Kf6 38. Nd4 Bc5 39. Rxh7 Rd8 40. Rh6+ Kg5 41. Ne6+ Kxh6 42. Nxd8 Nxf2 43. Kf1 Nd1 44. Ke1 Nxb2 45. Be6 Kg5 46. Kd2 a4 47. Kc2 a3 48. Bb3 Kh4 49. Ne6 Be3 50. Nd4 Kg5 51. Nf3+ Kf6 52. Ba2 Bf2 53. Bb3 Ke7 54. Nd4 Kf6 55. Nf3 Bc5 56. Nd2 Ke5 57. Ba2 Be7 58. Bb3 Kd6 59. Nc4+ Nxc4 60. Bxc4 Kc5 61. Be2 Kd5 62. Kb3 Ke4 63. Bf3+ Kd3 64. h4 Bxh4 1/2-1/2

[Event "SRB-chT 1st League"]
[Site "Valjevo"]
[Date "2010.09.19"]
[Round "2"]
[White "Milosevic, Aleksandar"]
[Black "Nikolic, Dragovan"]
[Result "1-0"]
[WhiteElo "2244"]
[BlackElo "2296"]
[PlyCount "61"]
[EventDate "2010.09.18"]
[EventType "team"]
[EventRounds "11"]
[EventCountry "SRB"]
[SourceTitle "CBM 138 Extra"]
[Source "ChessBase"]
[SourceDate "2010.10.29"]
[SourceVersion "1"]
[SourceVersionDate "2010.10.29"]
[SourceQuality "1"]

1. Nf3 c5 2. c4 g6 3. e3 Bg7 4. Be2 Nf6 5. a3 0-0 6. b3 d5 7. cxd5 Nxd5 8. Ra2 Nc6 9. Bb2 e5 10. d3 Be6 11. Nbd2 Qe7 12. 0-0 Rfd8 13. Ba1 Rac8 14. Qb1 g5 15. Rc1 g4 16. Ne1 b6 17. Rac2 Qg5 18. b4 Nxe3 19. Ne4 Qh6 20. fxe3 Qxe3+ 21. Nf2 Nd4 22. Bxd4 Rxd4 23. g3 Bd5 24. Bf1 Bh6 25. Ng2 Qf3 26. Nh4 Qf6 27. Re1 Bf3 28. Nxf3 gxf3 29. Re4 Qd6 30. Qe1 Re8 31. Bh3 1-0

[Event "SRB-chT 1st League"]
[Site "Valjevo"]
[Date "2010.09.18"]
[Round "1"]
[White "Rabrenovic, Vladan"]
[Black "Nikolic, Dragovan"]
[Result "1-0"]
[WhiteElo "2384"]
[BlackElo "2296"]
[PlyCount "71"]
[EventDate "2010.09.18"]
[EventType "team"]
[EventRounds "11"]
[EventCountry "SRB"]
[SourceTitle "CBM 138 Extra"]
[Source "ChessBase"]
[SourceDate "2010.10.29"]
[SourceVersion "1"]
[SourceVersionDate "2010.10.29"]
[SourceQuality "1"]

1. d4 Nf6 2. c4 e6 3. Nc3 d5 4. Bg5 Bb4 5. e3 h6 6. Bh4 Nc6 7. Rc1 0-0 8. Nf3 Re8 9. a3 Be7 10. Bd3 a6 11. 0-0 dxc4 12. Bxc4 b5 13. Bd3 Bb7 14. Bxf6 Bxf6 15. Ne4 Be7 16. Nc5 Bxc5 17. Rxc5 Ne7 18. Qc2 Bxf3 19. gxf3 f5 20. Rxc7 Nd5 21. Rc5 Qg5+ 22. Kh1 Qh5 23. Qe2 g5 24. Bxf5 Nf4 25. Bh7+ Kxh7 26. exf4 Ra7 27. Qe4+ Kg8 28. Rg1 e5 29. fxg5 Kh8 30. Rxe5 Rg8 31. g6 Qh3 32. Re8 Rag7 33. Rxg8+ Rxg8 34. Qe5+ Rg7 35. Qe8+ Rg8 36. g7+ 1-0

[Event "SRB-chT2 West"]
[Site "Serbia"]
[Date "2008.10.12"]
[Round "5.5"]
[White "Nikolic, Dragovan"]
[Black "Lazic, Dragoljub"]
[Result "1/2-1/2"]
[WhiteElo "2307"]
[BlackElo "2320"]
[PlyCount "85"]
[EventDate "2008.09.14"]
[EventType "team"]
[EventRounds "11"]
[EventCountry "SRB"]
[SourceTitle "EXT 2012"]
[Source "ChessBase"]
[SourceDate "2011.11.24"]
[SourceVersion "1"]
[SourceVersionDate "2011.11.24"]
[SourceQuality "1"]

1. e4 c5 2. Nf3 d6 3. Bb5+ Bd7 4. Bxd7+ Qxd7 5. 0-0 Nc6 6. c3 Nf6 7. Re1 e6 8. d3 Be7 9. Bg5 0-0 10. Nbd2 h6 11. Bh4 d5 12. Bxf6 Bxf6 13. e5 Be7 14. Qe2 Rfe8 15. Nf1 f6 16. exf6 Bxf6 17. Ng3 Qf7 18. Qe3 b6 19. d4 Rac8 20. Rac1 cxd4 21. cxd4 Ne7 22. Qd3 Rxc1 23. Rxc1 Rc8 24. Rxc8+ Nxc8 25. Qc3 Ne7 26. h4 Ng6 27. Qc8+ Kh7 28. Qc2 Kg8 29. h5 Nf8 30. a4 Qe8 31. b4 Be7 32. b5 Bd6 33. Ne5 Bxe5 34. dxe5 Qe7 35. Qc3 Kf7 36. Ne2 Nd7 37. Qc7 Nc5 38. Qb8 Qb7 39. Qd8 Qe7 40. Qb8 d4 41. Nf4 d3 42. Ng6 Qe8 43. Nh8+ 1/2-1/2

[Event "SRB-chT2 West"]
[Site "Serbia"]
[Date "2008.09.21"]
[Round "2.4"]
[White "Nikolic, Dragovan"]
[Black "Stojanovic, Marko"]
[Result "1/2-1/2"]
[WhiteElo "2307"]
[BlackElo "2256"]
[PlyCount "49"]
[EventDate "2008.09.14"]
[EventType "team"]
[EventRounds "11"]
[EventCountry "SRB"]
[SourceTitle "EXT 2012"]
[Source "ChessBase"]
[SourceDate "2011.11.24"]
[SourceVersion "1"]
[SourceVersionDate "2011.11.24"]
[SourceQuality "1"]

1. c4 Nf6 2. Nf3 e6 3. g3 b6 4. Bg2 Bb7 5. 0-0 Be7 6. b3 d6 7. Bb2 0-0 8. Nc3 Ne4 9. Qc2 Nxc3 10. Bxc3 f5 11. Bxg7 Kxg7 12. Nd4 Qc8 13. Bxb7 Qxb7 14. Nxe6+ Kf6 15. Nxf8 Bxf8 16. f3 Nc6 17. g4 Qc8 18. e3 Qe6 19. Rae1 Bh6 20. Qxf5+ Qxf5 21. gxf5 Kxf5 22. Re2 a5 23. a4 Re8 24. Rg2 Ne5 25. Rg3 1/2-1/2